000 00414nam a2200157Ia 4500
005 20250424072816.0
008 240331s9999 xx 000 0 und d
082 _a300
_bSIV
100 _aSivakumaram, S
245 0 _aThesiyavaathamum thamilar vduthalayun
260 _aColombo
_bPuthiyapoomi Veliyidagam
_c1999
300 _a59 p .,
650 _aThesiyavaathamum
650 _athamilar viduthalaium
942 _cL
999 _c1002
_d1002